| 000 | 00651nam a2200205Ia 4500 | ||
|---|---|---|---|
| 003 | OSt | ||
| 005 | 20260428085932.0 | ||
| 008 | 210210b1989 xxu||||| |||| 00| 0 eng d | ||
| 040 | _cAL | ||
| 041 | _aKannada | ||
| 082 | _a704.948K RAJT | ||
| 100 |
_aRAJAGOPALA (Ka Vem). _dರಾಜಗೋಪಾಲ (ಕಾ ವೆಂ) _9262928 |
||
| 245 |
_aTuluvara acharanegalalli kalavantike _bತುಳುವರ ಆಚರಣೆಗಳಲ್ಲಿ ಕಲಾವಂತಿಕೆ |
||
| 260 |
_aLalitakala Akademi. _bkarnataka _c1989 |
||
| 300 | _aviii,120 | ||
| 650 |
_aTulu Kale, Bhuta _9262929 |
||
| 690 |
_aThe Arts _9262930 |
||
| 906 | _a042811 | ||
| 942 |
_2ddc _cBK |
||
| 999 |
_c92729 _d92729 |
||